Mercats : l'agenda de la Xarxa de Mercats Municipals de la Diputació de Barcelona l'agenda de la Xarxa de Mercats Municipals de la Diputació de Barcelona

Descripción Física: 2 vols. ; 28 cm ; il·lustracions en color ; periodicitat desconeguda

MARC

LEADER 00000nas a2200000 a 4500
001 28108
003 AGDB
005 20260324175803.0
008 160829s2006 xx 000 0 cat d
008 160829s9999 xx 000 0 cat d
017 |a B 36110-2006 
017 |a B 38979-2006 
040 |a agdb  |b cat 
080 |a Revistes 
245 |a Mercats :   |b l'agenda de la Xarxa de Mercats Municipals de la Diputació de Barcelona 
260 |a Barcelona :   |b Diputació de Barcelona. Àrea de Promoció Econòmica i Ocupació. Delegació de Comerç. Xarxa de Mercats Municipals ;   |c 2006- 
300 |a 2 vols. ;   |c 28 cm ;   |b il·lustracions en color ; periodicitat desconeguda 
362 |a Núm. 1 (2006)- 
500 |a S'han utilitzat fotografies del fons de l'Arxiu General de la Diputació de Barcelona per il·lustrar la revista. 
500 |a El primer número va acompanyat d'una edició especial en motiu del Primer Congrés de Mercats Municipals. 
650 |a Mercats  |x Barcelona (Catalunya : Província)  |x Revistes  |9 41272 
655 0 |9 55823  |a Revistes 
710 1 |a Barcelona (Catalunya : Província).  |b Xarxa de Mercats Municipals  |9 55055 
710 1 |a Barcelona (Catalunya : Província).  |b Àrea de Promoció Econòmica i Ocupació  |9 17540 
866 |a 2006 (1, ed. especial) 
901 |a Arxiu 
942 |n 1  |2 udc  |c REV 
952 |0 0  |1 0  |2 udc  |4 0  |6 REV2230  |7 0  |9 50121  |a Arxiu  |b Arxiu  |d 2023-08-01  |h Núm. 1 (2006) + Ed. Especial  |o Rev-2230  |p 28108  |r 2016-12-01 00:00:00  |w 2016-12-01  |y ARXIU  |z Edició especial: Primer Congrés de Mercats Municipals 
999 |c 53963  |d 53963